[Event "Siemens Giants"]
[Site "Frankfurt"]
[Date "1999.06.30"]
[Round "4"]
[White "Kramnik, Vladimir"]
[Black "Anand, Viswanathan"]
[Result "1/2-1/2"]
[WhiteElo "2751"]
[BlackElo "2781"]
[Annotator "Golod,V"]
[PlyCount "97"]
[EventDate "1999.06.29"]
[EventType "tourn (rapid)"]
[EventRounds "12"]
[EventCountry "GER"]
[EventCategory "21"]
[SourceTitle "CBM 072"]
[Source "ChessBase"]
[SourceDate "1999.10.01"]
[SourceVersion "1"]
[SourceVersionDate "1999.10.01"]
[SourceQuality "1"]

1. d4 Nf6 2. c4 e6 3. Nc3 Bb4 4. Qc2 d5 5. cxd5 Qxd5 6. e3 $5 ({Another
options is:} 6. Nf3 $5 {-see comments to Golod,V-Psakhis,L/Tel-Aviv,1999/CBM
71(1-0)(Golod,V)(67)}) 6... c5 $5 {Is the main line.Besides,black has two
options:} (6... e5 $5 {-see comments to Sakaev,K-Pigusov,E/St. Petersburg,1999/
CBM71(1/2-1/2)(Golod,V) (41)}) ({and} 6... O-O) 7. Bd2 $5 {[%mdl 4]} ({Another
alternative is:} 7. a3 {-see comments to Bareev,E-Gelfand,B/Novgorod,1997/CBM
60(1/2-1/2)(Tsesarsky)(30)}) 7... Bxc3 8. Bxc3 {Much less common than 8.bxc3,
which was popular in the 1930s.} cxd4 (8... Nc6 {is the first(!!!) game in
this variation.} 9. Ne2 O-O 10. Nf4 Qd6 11. dxc5 Qxc5 {+/=/=; 1/2-1/2
Gruenfeld,E-Gerschenkron,A/Wien 1934/EXT 99(30)}) 9. Bxd4 Nc6 10. Bc3 {Now
this move better than:} (10. Bxf6 gxf6 11. Ne2 (11. Nf3 $143 Bd7 12. Be2 Rc8
13. Qd2 Qxd2+ 14. Kxd2 Ke7 $11 {1/2-1/2 Ibanez,E-Hansen,S/Badalona 1995/CBM 49
ext (49)}) 11... Bd7 12. a3 Qe5 13. Nc3 f5 (13... Nd4 $5 {-see comments to
Bareev,E-Gelfand,B/Novgorod,1997/CBM 60(1/2-1/2)(Tsesarsky)(30)}) 14. O-O-O
O-O-O 15. g3 Kb8 16. Be2 Ne7 17. Qd3 {[#]} Qc7 $11 {-see comments to Kasparov,
G-Anand,V/New York,1995/CBM 49(1/2-1/2)(De Firmian)(29)}) 10... e5 $5 ({
Good enough:} 10... Qc5 $5 11. Rc1 O-O (11... Bd7 $143 12. a3 Rc8 13. Nf3 Ne7
14. Bd3 Ned5 15. Bd2 Qxc2 16. Bxc2 O-O 17. O-O {+/=/=; Georgiev,K-Shaked,T/Las
Vegas USA,1999(1-0)(101)}) 12. Nf3 Nd5 13. Bd2 Qxc2 14. Rxc2 e5 $5 (14... Rd8
15. a3 h6 16. Bb5 Bd7 17. Bc4 Nb6 18. Bb3 Ne7 {+/=/=;1/2-1/2 Dreev,A-Adams,M/
Las Vegas USA 1999 (51)}) 15. Rc5 Rd8 16. Bc4 Nb6 17. Bb3 Re8 18. Ng5 Re7 19.
f3 Nd7 20. Rc1 Nf6 21. Bc2 h6 22. Ne4 {Kasparov,G-Anand,V/Frankfurt,1999(rapid)
; (1/2-1/2)(22)}) 11. Nf3 Bg4 12. Be2 O-O 13. O-O (13. Qb3 $6 Qxb3 14. axb3
Rfe8 15. Bb5 Nd7 16. Bxc6 bxc6 17. Ra5 f6 {1/2-1/2 Finegold,B-Smyslov,V/London
1988/TD (17)}) 13... Rfe8 $5 $146 {[%csl Re5,Ye8] Besides this move:} (13... e4
$6 {-see comments to Gelfand,B-Speelman,J/Las Vegas,1999/CBM 72(1-0)(Golod,V)
(53)}) (13... h6 $6 14. b3 Rac8 15. Qb2 Rfe8 16. Rac1 Qe6 17. Rfd1 Ne4 18. Be1
Ng5 19. Nxg5 hxg5 20. f3 Bh5 21. g4 Bg6 22. Bg3 $14 {1-0 Sakalauskas,
V-Ostrowski,L/Koszalin 1998/EXT 99 (44)}) (13... Rac8 14. Rfd1 Qc5 15. Rac1 Qe7
(15... e4 $143 16. Nd4 Nxd4 17. Rxd4 Bxe2 18. Qxe2 $14 {1/2-1/2 Keres,
P-Petrovs,V/Buenos Aires 1939/HCL (48)}) 16. a3 h6 17. Rd2 {+/=/=;1/2-1/2 Cruz,
O-Melngailis,T/Buenos Aires 1939/HCL (38)}) ({and} 13... Bh5 $5 14. Rfd1 Qc5
15. Qb3 Qe7 16. Qa3 Qxa3 17. bxa3 e4 18. Nd4 Bxe2 19. Nxe2 Rfe8 $11 {1/2-1/2
Bronstein,D-Smyslov,V/Parnu 1947/MCL (25) - was checked in the previous games.}
) 14. Rfd1 Qc5 ({Worse is:} 14... Qe6 {in view of:} 15. Ng5 $36) 15. Rac1 $5 {
+/=/=} ({After:} 15. h3 Bxf3 (15... Bh5 $143) 16. Bxf3 e4 17. Be2 Nd5 18. Rac1
Nxc3 19. Qxc3 Qxc3 20. Rxc3 Re7 (20... Rad8 $6 21. Rxd8 Rxd8 22. Bb5 {+/=/+/-})
21. Bb5 Ne5 22. Rd4 f5 {white has a slight advantage in the endgame.}) 15...
Qe7 16. h3 Bh5 17. Qa4 $5 {[%cal Ga4h4]} ({Dubious:} 17. Qf5 {because of:} Bg6
18. Qg5 Qe6 {[%csl Ra2][%cal Gf6e4]} (18... h6 $143 19. Qh4 Ne4 20. Qxe7 Rxe7
21. Be1 $14) 19. Qh4 Ne4 $11 {[%csl Ra2,Rc3]} (19... Qxa2 $4 20. Bc4 Qa4 21.
Bxf7+ $18 {[%csl Ra4]})) 17... a6 ({Senseless:} 17... e4 18. Nd4 Bxe2 (18...
Nxd4 $2 19. Bxh5 {+/=/+/-}) 19. Nxe2 $14) 18. Qh4 Bg6 $6 {After this move
white has a extra possibility-19.Nd2} ({In my opinion slightly better is:} 
18... Red8) 19. Nd2 {[%cal Gd2c4,Ge2f3]} Rad8 20. Bf3 e4 ({Insufficiently for
equality-} 20... Nd5 21. Qxe7 Rxe7 22. Nb3 Nxc3 23. Rxd8+ Nxd8 24. Rxc3 $14 {
_|_}) 21. Bxf6 $5 ({After:} 21. Be2 Nd5 22. Qxe7 Rxe7 23. Nb3 Nxc3 24. Rxd8+
Nxd8 25. Rxc3 Kf8 {white has a slight advantage in the endgame.}) 21... Qxf6 (
21... gxf6 $143 22. Be2 $14) 22. Qxf6 gxf6 $14 {_|_} 23. Be2 Nb4 {[%csl Ra2,
Rd3][%cal Gb4a2,Gb4d3]} 24. a3 ({Senseless:} 24. Rc7 {in view of:} b5) 24...
Nd3 25. Bxd3 Rxd3 ({Badly:} 25... exd3 {because of:} 26. Rc7 {/\Rdc1+/-}) 26.
Nb1 {/\27.Rd3 exd3 28.Nd2} Rb3 (26... Red8 27. Rxd3 Rxd3 (27... exd3 $2 28. Nd2
$16) 28. Kf1 {+/=/+/-}) 27. Rd2 {[%csl Yd2][%cal Gc1c3]} f5 28. Rc3 Rb6 29. Rc7
$6 (29. g3 $5 {(against- 29...f4)} Re7 30. Kf1 {+/=/+/-}) 29... f4 $1 30. Nc3 (
30. exf4 $4 e3 {[%csl Rb1]} 31. fxe3 (31. Rd1 $143 e2 32. Re1 $8 Bxb1 $19)
31... Bxb1 $19) 30... fxe3 31. fxe3 Kg7 32. b4 (32. g4 $5 {/\Kf2-g3}) 32...
Ree6 {[%cal Gb6c6]} 33. Rdd7 ({Good enough:} 33. Rcd7 Rbc6 $140 34. Ne2 $14 {
[%cal Ge2f4,Ge2d4]}) 33... Rbc6 34. Ne2 ({Apparently better is:} 34. Nd5 $5)
34... Red6 $1 {[%csl Ra3,Re3][%cal Gd6d3]} 35. Rxb7 Rd3 36. Nf4 (36. Kf2 Rxa3
$11) ({Dubious:} 36. a4 {in view of:} Rxe3 37. b5 Rf6 $1 (37... Rc2 $2 38. Nd4
Re1+ 39. Kh2 $16) 38. Nd4 Ra3 $36) 36... Rxd7 (36... Rxe3 $2 37. Nxg6 Kxg6 38.
Rxf7 $16) 37. Rxd7 Rc3 {[%csl Ra3,Re3]} 38. Kf2 (38. a4 $6 Rxe3 39. Ne6+ Kf6
40. Nc5 Rc3 $132) 38... Rxa3 39. g4 Ra2+ 40. Kg3 Ra3 {[%csl Re3]} 41. Nd5 ({
Right away draw after:} 41. Nxg6 hxg6 42. Kf4 a5 43. b5 Rb3 44. Rb7 a4 45. Kxe4
a3 46. Ra7 Rxb5 47. Rxa3) 41... h5 42. gxh5 Bxh5 43. Kf4 Bg6 44. Ne7 $6 ({
Slightly better is:} 44. Ra7) ({or} 44. h4) 44... Kf6 45. Nxg6 Kxg6 46. Kxe4 a5
$11 47. Rd6+ Kg7 48. b5 Rb3 49. b6 (49. b6 a4 50. Rd4 (50. Kd4 $6 a3 $140 51.
Kc5 $4 (51. b7 $11) 51... a2 52. Rd1 Rb1 $19) 50... Rxb6 51. Rxa4 Rh6 {[%csl
Rh3]}) 1/2-1/2

[Event "Siemens Giants"]
[Site "Frankfurt"]
[Date "1999.06.30"]
[Round "5"]
[White "Kramnik, Vladimir"]
[Black "Kasparov, Garry"]
[Result "1/2-1/2"]
[WhiteElo "2751"]
[BlackElo "2812"]
[Annotator "Krasenkow,M"]
[PlyCount "71"]
[EventDate "1999.06.29"]
[EventType "tourn (rapid)"]
[EventRounds "12"]
[EventCountry "GER"]
[EventCategory "21"]
[SourceTitle "CBM 072"]
[Source "ChessBase"]
[SourceDate "1999.10.01"]
[SourceVersion "1"]
[SourceVersionDate "1999.10.01"]
[SourceQuality "1"]

1. d4 Nf6 2. c4 g6 3. Nc3 d5 4. cxd5 Nxd5 5. e4 Nxc3 6. bxc3 Bg7 7. Nf3 c5 8.
Rb1 O-O 9. Be2 cxd4 10. cxd4 Qa5+ 11. Bd2 Qxa2 12. O-O Bg4 13. Be3 Nc6 14. d5
Na5 15. Bg5 Qa3 16. Bd2 Bc3 17. Bc1 Qd6 18. e5 Qc7 $5 {An interesting novelty.
Black wants to provoke d5-d6, considering that it will be easier to fight
against a single passed pawn than against White's strong pawn center.} (18...
Qd7 {was played once at the top level after we discussed it in CBM69 but in a
blindfold game:} 19. Bd2 Rfc8 ({or} 19... Bxf3 20. Bxf3 Bxd2 21. Qxd2 Nc4 22.
Qe2 b5 23. e6 Qd6 24. exf7+ Kg7 25. Rxb5 Ne5 26. Be4 Rxf7 27. Ra5 Rf6 28. g3 a6
29. Bg2 Raf8 30. Kh1 h5 31. Ra4 Ng4 32. f4 e5 33. dxe6 {1/2-1/2 Kramnik,
V-Ivanchuk,V/7th Amber rapid 1998}) 20. Bxc3 Rxc3 21. Qd4 Bxf3 22. Bxf3 Rc4 (
22... Rac8 23. Qxa7 Rxf3 24. gxf3 Qxd5 $44 {1/2-1/2 Van Wely,L-Shirov,A/Wijk
aan Zee 1999 (42) - CBM69}) 23. Qe3 b6 24. e6 Qd6 25. exf7+ Kg7 26. Rfe1 Rf8
27. Qxe7 Qxe7 28. Rxe7 Rxf7 29. d6 Rd4 30. Rc1 Rxd6 31. Rxf7+ Kxf7 32. Rc7+ Kg8
33. Rxa7 Nc6 {1/2-1/2 Kramnik,V-Shirov,A/8th Amber Blindfold 1999 (42)
Kasparov wasn't probably quite happy with the positions arising and decided to
improve Black's play.}) 19. d6 (19. Bd2 $2 Bxf3 20. Bxf3 (20. Rc1 Bxe2 21. Qxe2
Qxe5) 20... Bxe5) 19... exd6 20. exd6 Qd7 21. Bf4 (21. Bd2 {doesn't work now
in view of} Bxd2 22. Qxd2 Bxf3 23. Bxf3 Nc4) 21... Rfe8 {Black's pieces are
active and the white d6 pawn has no enough support. White's compensation for
the sacrificed pawn is only enough to equalize.} 22. h3 Bf5 23. Bb5 (23. Rc1
Rac8) 23... Nc6 24. Rc1 Bf6 25. Qd2 a6 (25... Be4 26. Ng5 $1) 26. Bxc6 bxc6 27.
Nd4 {[%cal Yd4b3,Yb3c5]} Be4 28. Nb3 Bd5 {[%csl Gd5]} 29. Nc5 Qa7 {[%cal Ya8d8,
Ya6a5,Ya5a4,Ya4a3,Ya3a2,Ya2a1]} 30. Qa5 Bd4 {Black gives up an exchange to
eliminate the white passed pawn.} (30... Reb8 $6 {[%cal Yb8b5]} 31. Rfe1 {
[%cal Ge1e8]}) 31. d7 Red8 32. Bc7 Bxc5 33. Bxd8 Bd6 34. Bf6 Qxd7 35. Bb2 {
[%cal Ra5c3]} Rf8 36. Rfe1 {Even if White captures the a6 pawn, Black's strong
d5 bishop fully compensates his minimal material deficit. I would not be
surprised if it turned out that Kasparov had this final position at home long
before the present game.} (36. Qc3 f6) 1/2-1/2

[Event "Siemens Giants"]
[Site "Frankfurt"]
[Date "1999.07.01"]
[Round "7"]
[White "Anand, Viswanathan"]
[Black "Kramnik, Vladimir"]
[Result "1-0"]
[WhiteElo "2781"]
[BlackElo "2751"]
[Annotator "Blatny,P"]
[PlyCount "53"]
[EventDate "1999.06.29"]
[EventType "tourn (rapid)"]
[EventRounds "12"]
[EventCountry "GER"]
[EventCategory "21"]
[SourceTitle "CBM 072"]
[Source "ChessBase"]
[SourceDate "1999.10.01"]
[SourceVersion "1"]
[SourceVersionDate "1999.10.01"]
[SourceQuality "1"]

{[%mdl 128]} 1. e4 e5 2. Nf3 Nf6 3. Nxe5 d6 4. Nf3 Nxe4 5. d4 d5 6. Bd3 Nc6 7.
O-O Be7 8. c4 Nb4 9. cxd5 Nxd3 10. Qxd3 Qxd5 11. Re1 Bf5 12. g4 Bg6 13. Nc3
Nxc3 14. Qxc3 Kf8 $6 (14... Qd6 $142) (14... f6 $142) 15. Bf4 c6 16. Rxe7 $3 {
[%mdl 512] Kramnik hat dem Plan von Karpov "geglaubt", aber Anand fand (sehr
wahrscheinlich mit kräftiger Unterstützung seines "elektronischen" Helfers)
einen forcierten Gewinn.} Kxe7 17. Qb4+ Kd8 $6 (17... c5 18. dxc5 Kd8 (18...
Qxf3 19. c6+ Kd8 20. Qd4+ Ke8 21. Re1+ Kf8 22. Bb8 $3 $18) 19. c6 $1 b6 (19...
bxc6 20. Qb7 $18) 20. Re1 Re8 21. c7+ Kd7 22. Qa4+ (22. c8=Q+ Raxc8 23. Qa4+ b5
24. Qxa7+ Kd8 25. Qb6+ Kd7 26. Ne5+ Rxe5 27. Bxe5 $18) (22. Ne5+ $18) 22... b5
23. Ne5+ Rxe5 24. Rxe5 Qh1+ 25. Kxh1 bxa4 26. Rd5+ Ke7 27. Ra5 $18) 18. Qxb7
Rc8 (18... Qxf3 19. Bc7+ $1 Ke8 (19... Kd7 20. Re1 $1 Be4 $8 21. Ba5+ Ke8 22.
Qxc6+ Ke7 (22... Kf8 23. Bb4+ Kg8 24. Qxa8+ Bxa8 25. Re8#) 23. Rxe4+ $18) (
19... Ke7 20. Bg3+ Kd8 (20... Ke6 21. Re1+ Be4 22. Qxc6+ $18) (20... Kf6 21.
Bh4+ Ke6 22. Qe7+ Kd5 23. Qe5+ Kc4 24. Rc1+ $18) 21. Qxa8+ Ke7 22. Qb7+ Kd8 23.
Qc7+ Ke8 24. Re1+ Be4 25. Qxc6+ $18)) 19. Bg5+ f6 20. Qxg7 $18 fxg5 21. Qxh8+
Kc7 22. Qe5+ Qxe5 23. dxe5 h6 24. Re1 Re8 (24... Rb8 $142 25. b3 Rb4 {und die
weisse Realisierung des Vorteils wird schwieriger als in der Partie.}) 25. h4
gxh4 26. Nxh4 Bf7 27. Nf5 1-0

[Event "Siemens Giants"]
[Site "Frankfurt"]
[Date "1999.07.01"]
[Round "8"]
[White "Kasparov, Garry"]
[Black "Kramnik, Vladimir"]
[Result "1-0"]
[WhiteElo "2810"]
[BlackElo "2750"]
[Annotator "McShane,L"]
[PlyCount "71"]
[EventDate "1999.06.29"]
[EventType "tourn (rapid)"]
[EventRounds "12"]
[EventCountry "GER"]
[EventCategory "21"]
[SourceTitle "CBM 072"]
[Source "ChessBase"]
[SourceDate "1999.10.01"]
[SourceVersion "1"]
[SourceVersionDate "1999.10.01"]
[SourceQuality "1"]

1. e4 c5 2. Nf3 Nc6 3. Nc3 d6 4. d4 cxd4 5. Nxd4 Nf6 6. Bg5 e6 7. Qd2 a6 8.
O-O-O h6 9. Be3 Bd7 10. f3 b5 11. Nxc6 Bxc6 12. Ne2 Qc7 13. Kb1 Bb7 14. h4 Rc8
15. Rh3 (15. g4 {Continuing with the natural kingside attack, fails to} Nxe4 $1
16. fxe4 Bxe4 {attacking h1 and c2}) 15... h5 {Preventing g4, but now if Black
castles kingside g4 may turn out to be even stronger, opening lines
immediately.} 16. Nd4 Nd7 17. Bg5 {Inconveniencing Be7} g6 18. Rh1 d5 19. exd5
Bxd5 20. Bf4 Qb7 ({Perhaps better is} 20... Qb6 {guarding d6 and thus
preventing White's Bd6 as in the game.}) 21. Nb3 Bg7 22. Bd6 $1 {Keeping the
king in the middle.} Qc6 23. Ba3 Nb6 24. Bd3 Nc4 25. Bxc4 bxc4 (25... Qxc4 26.
Rhe1 {threatening Qxd5, is awkward.}) 26. Nd4 Qb6 27. Qg5 {Kasparov has
managed to shut out the black bishops and start to work his own on a3, with a
crude threat on e7.} Bf8 28. Bxf8 Rxf8 {Now Black's dark squares are loose.}
29. Rhe1 Rb8 30. b3 Rd8 31. Ne2 $1 {On f4 or c3 it will put further pressure
on the d5 bishop that glues Black's position together} cxb3 32. axb3 Rd7 33.
Kb2 {Calmly stopping any nonsense on b3.} Qd8 34. Qf4 Qc7 $2 {A blunder, but
with White's knight coming to c3 and then eyeing up d6 and f6 via e4 Black is
in big trouble on the dark squares anyway.} 35. Rxd5 $1 exd5 (35... Qxf4 36.
Nxf4 Rxd5 37. Nxd5) 36. Nd4+ {36...Re7 37.Qxc7 or 36...Kd8 37.Ne6+ both win.}
1-0

[Event "Siemens Giants"]
[Site "Frankfurt"]
[Date "1999.07.01"]
[Round "9"]
[White "Kramnik, Vladimir"]
[Black "Karpov, Anatoly"]
[Result "1-0"]
[WhiteElo "2751"]
[BlackElo "2710"]
[Annotator "Huzman,A"]
[PlyCount "135"]
[EventDate "1999.06.29"]
[EventType "tourn (rapid)"]
[EventRounds "12"]
[EventCountry "GER"]
[EventCategory "21"]
[SourceTitle "CBM 072"]
[Source "ChessBase"]
[SourceDate "1999.10.01"]
[SourceVersion "1"]
[SourceVersionDate "1999.10.01"]
[SourceQuality "1"]

1. d4 d5 2. c4 dxc4 3. Nf3 Nf6 4. e3 e6 5. Bxc4 c5 6. O-O a6 7. dxc5 Qxd1 8.
Rxd1 Bxc5 9. Nbd2 b6 10. Be2 Nbd7 11. Nc4 Bb7 12. b3 Ke7 $6 {An inaccurate
move as Bishop on c5 is getting in trouble.} (12... O-O $5) 13. Bb2 Rhd8 14.
Ne1 $1 {[%csl Rc5]} b5 15. Na5 Be4 16. Bf3 $1 Bxf3 17. gxf3 {[%cal Ga5b7,Ga5c6,
Ge1d3,Gd3c5]} Rdc8 18. Nd3 Rab8 (18... Bd6 19. Nb7 Bc7 20. Ba3+ $36) 19. Nxc5
Rxc5 20. Rac1 Ke8 21. Bd4 Rxc1 (21... Rcc8 22. Nc6 $16) 22. Rxc1 $14 {/+/-.
Black`s pawn on a6 is weak,White`s pieces and more active,Bishop is better
than Knight- Black are facing difficult defence.} Ra8 23. Kf1 e5 24. Bb2 Nd5
25. Rd1 Ne7 26. Nb7 $1 Nc8 27. Rc1 $1 f6 28. Ba3 a5 $1 29. Rc7 b4 30. Bc1 Na7
31. Nd6+ Kd8 32. Rb7 Nc8 (32... Nc6 $5) 33. Nc4 a4 34. Bd2 $16 {/+-} axb3 35.
axb3 Ra7 36. Rxa7 Nxa7 37. Bxb4 Kc7 38. Ke2 Kc6 39. Kd3 g6 40. Be7 Nc8 41. Bd8
$1 Kb5 42. Kc3 Na7 43. Nd6+ Kc6 44. Ne4 $1 f5 45. Ng5 h5 46. e4 Nb5+ 47. Kc4
Nd4 48. b4 Nb5 49. Be7 Nd4 $2 (49... Nb6+ $142 50. Kd3 Na4 51. Nf7 Nb2+ 52. Kc2
Nc4 $16) 50. f4 $1 Nb5 51. exf5 gxf5 52. Nf7 $1 exf4 53. Nd8+ Kb6 54. Kd5 Ka6
55. Ke6 Nb6 56. Kxf5 Nd5 57. Bc5 Nbc3 58. Ne6 Kb5 59. Nxf4 Nxb4 60. Bxb4 Kxb4
61. Nxh5 Kc5 62. Nf6 Kd6 63. h4 Ke7 64. h5 Kf8 65. Kg6 Nb5 66. h6 Nd6 67. h7
Nf7 68. f4 1-0

[Event "Siemens Giants"]
[Site "Frankfurt"]
[Date "1999.07.02"]
[Round "10"]
[White "Kramnik, Vladimir"]
[Black "Anand, Viswanathan"]
[Result "1/2-1/2"]
[WhiteElo "2751"]
[BlackElo "2781"]
[Annotator "Tyomkin,D"]
[PlyCount "67"]
[EventDate "1999.06.29"]
[EventType "tourn (rapid)"]
[EventRounds "12"]
[EventCountry "GER"]
[EventCategory "21"]
[SourceTitle "CBM 072"]
[Source "ChessBase"]
[SourceDate "1999.10.01"]
[SourceVersion "1"]
[SourceVersionDate "1999.10.01"]
[SourceQuality "1"]

1. d4 Nf6 2. c4 e6 3. Nf3 b6 4. g3 Ba6 5. Nbd2 Bb7 (5... d5 6. Bg2 Be7 7. O-O
O-O 8. b3 (8. cxd5 exd5 9. Ne5 c5 $142 $10) 8... Bb7 9. Bb2 a5 10. a3 c5 11.
cxd5 exd5 12. Qc2 Na6 13. Rac1 h6 14. Rfd1 Qc8 15. Nh4 $14 {0-1 Veingold,
A-Gavrikov,V/Keres mem rapidplay 1999 (38)}) 6. Bg2 Be7 7. O-O O-O 8. b3 d5 9.
cxd5 exd5 10. Ne5 Nbd7 (10... c5 11. Bb2 (11. dxc5 bxc5 12. Bb2 Re8 (12... Nbd7
13. Rc1 Nxe5 14. Bxe5 Qb6 15. Qc2 Rfe8 16. e3 Rac8 17. Rfd1 Nd7 18. Bb2 Bf6 19.
Bxf6 Nxf6 20. Qf5 a5 21. Qf4 a4 {1/2-1/2 Yermolinsky,A-Ivanov,A/Eastern op 1997
}) 13. Rc1 Na6 14. Qc2 Bd6 15. Ndf3 Qe7 16. e3 Rac8 $15 {Lautier,J-Gelfand,B/
FIDE WCh KO g/25+10 1999/1/2-1/2 (66)}) 11... Nc6 12. Nxc6 Bxc6 13. Rc1 {
/\ 14.dc5 bc5 (14...Bc5 15.b4) 15.Bf6+/-} Bb5 $146 (13... Bb7 14. dxc5 Bxc5 (
14... bxc5 $2 15. Bxf6 $16) 15. Nf3 Ne4 16. Ne5 (16. Nd4 Qf6 $10 17. e3 $140
Ba6) 16... Qe7 17. Nd3 $14 {1/2-1/2 Browne,W-Huebner,R/San Francisco 1995 (38)}
) (13... Rc8 14. dxc5 Bxc5 15. Nf3 Ne4 16. Nd4 Bd7 17. e3 $14) 14. dxc5 Bxc5
15. Nb1 Ba6 16. a3 Re8 17. Re1 Ne4 18. e3 Qg5 19. f4 Qe7 20. Be5 Bb7 21. b4 Bd6
22. Bxd6 Qxd6 23. Nc3 Nxc3 24. Rxc3 a5 $11 {1/2-1/2 Ivanchuk,V-Nisipeanu,L/
FIDE WCh KO 1999 (29)}) 11. Bb2 c5 12. Nxd7 Qxd7 13. dxc5 bxc5 14. e4 Rad8 $146
(14... Rfd8 15. exd5 Bxd5 16. Nc4 Bxg2 17. Kxg2 (17. Qxd7 Nxd7 18. Kxg2 Nb6 $11
) 17... Qb7+ 18. Qf3 Qxf3+ 19. Kxf3 Nd5 20. Rfd1 Nb4 21. Rxd8+ Rxd8 22. Re1 Bf8
23. a3 Nc6 24. Re2 $14 {1-0 Topalov,V-Gelfand,B/8th Amber Blindfold 1999 (48)})
(14... dxe4 15. Bxf6 Bxf6 16. Nxe4 Qxd1 17. Nxf6+ gxf6 18. Rfxd1 Bxg2 19. Kxg2
$16 {[%csl Ra7,Rc5]}) 15. exd5 Bxd5 16. Nc4 Bxg2 17. Kxg2 Nd5 (17... Qb7+ 18.
Qf3 {with the semilar ending,as Topalov-Gelfand.}) 18. Qf3 $14 {White is
slightly better because of better pawn structure on the queenside,and stronger
bishop(which black may exchange right now). But this advantage is too small to
beat Anand,even in rapid game.} Nb6 (18... Bf6 19. Bxf6 Nxf6 20. Rad1 $14 {
[%cal Gc4e3,Ge3f5] Black exchanged his passive bishop,but on other hand it was
very good defender-pawn "c5" and the kingside became vulnerable.}) 19. Rad1 Qc7
20. Ne3 Rxd1 21. Rxd1 Rd8 22. Nf5 $6 {White still could fight for advantage by
not changing rooks:} (22. Re1 $142 {[%csl Rg7][%cal Ge3f5,Ye1e4]} Bf8 23. Nf5
f6 (23... Qd7 24. Re4 $1 {[%cal Rf5g7,Ye4g4]} f6 25. Nh6+ $1 gxh6 26. Bxf6 {
[%cal Re4g4]} Bg7 27. Re7 $18) 24. Qg4 (24. Re4 Nd5 $11 (24... Rd2 25. Bc3 Rxa2
$140 26. Nxg7 $1 Bxg7 27. Re8+ $18)) 24... Qc6+ 25. Kg1 Kh8 $1 {and black
keeps the safe position.} (25... g6 26. Re6 $1 Rd1+ 27. Qxd1 Qxe6 28. Ne3 $14 {
[%csl Ra7,Rc5,Rf6]})) 22... Rxd1 23. Qxd1 f6 24. Qg4 g6 25. Nxe7+ Qxe7 26. Qf3
Kf7 27. Qc6 Nd7 $11 28. Bc3 f5 29. Kg1 Qe6 30. Qa8 (30. Qxe6+ Kxe6 31. Kf1 Kd5
32. Ke2 Nf8 $11 {[%cal Gf8e6]}) 30... a6 31. Qh8 h5 32. Qg7+ Ke8 33. Qh8+ Ke7
34. Qg7+ 1/2-1/2

[Event "Siemens Giants"]
[Site "Frankfurt"]
[Date "1999.07.02"]
[Round "11"]
[White "Kramnik, Vladimir"]
[Black "Kasparov, Garry"]
[Result "1/2-1/2"]
[WhiteElo "2751"]
[BlackElo "2812"]
[Annotator "Baburin,A"]
[PlyCount "49"]
[EventDate "1999.06.29"]
[EventType "tourn (rapid)"]
[EventRounds "12"]
[EventCountry "GER"]
[EventCategory "21"]
[SourceTitle "CBM 072"]
[Source "ChessBase"]
[SourceDate "1999.10.01"]
[SourceVersion "1"]
[SourceVersionDate "1999.10.01"]
[SourceQuality "1"]

1. d4 Nf6 2. c4 e6 3. Nf3 d5 4. Nc3 c6 5. Bg5 Nbd7 6. cxd5 exd5 7. e3 Be7 8.
Bd3 O-O 9. Qc2 Re8 10. O-O Nf8 {Both players are experts in the Carlsbad pawn
formation and therefore this game is particularly interesting. It must be said
though that Kasparov usually plays on White's side of this system, where he
prefers to put his knight on e2, followed by f2-f3.} 11. Rab1 a5 12. a3 Ng6 13.
b4 Bd6 {Kasparov chooses plan, which works very well for Black in practice.
Black wants to play either ...h6, exchanging the g5-bishop, or ...Bg4, pushing
the f3-knight to a less active square. Note that Black did not include ...axb4,
axb4 (which is also possible), hoping that it would make it harder for White
to advance his b-pawn (then the a3-pawn could be taken).} 14. Rfe1 ({Perhaps,
more critical is} 14. b5 {but on practice Black did well in this position:} Bg4
(14... h6 15. Bxh6 (15. Bxf6 Qxf6 16. bxc6 bxc6 17. e4 Nf4 $1 18. e5 Qe6 $13)
15... gxh6 16. Bxg6 fxg6 17. Qxg6+ Kh8 18. bxc6 bxc6 19. Qxh6+ Nh7 {and Black
stood better and eventually won in the game Moehring-A.Panchenko, Sochi 1979.})
(14... Bxa3 $6 {leads Black with vulnerable pawns after} 15. bxc6 bxc6 16. Qa4
Be7 17. Qxc6) 15. bxc6 bxc6 16. Rb7 $2 Bxf3 17. gxf3 Qc8 18. Rfb1 Qh3 $19 {
Kharitonov-A.Panchenko, Vilnius 1978.}) ({Black is Ok after} 14. e4 dxe4 15.
Nxe4 Be7) 14... axb4 15. axb4 Bg4 16. Nh4 Bd7 17. h3 Ra3 18. e4 $146 ({It's
not clear whether this new move is better than} 18. Nxg6 hxg6 19. b5 {which
happened in the game Spiess,G-Gabriel,C GER-CupT 1992. Although White
eventually lost after} Qa5 20. Rec1 Bb4 21. Rb3 cxb5 22. Bxf6 gxf6 23. Qb2 $2
Rxb3 24. Qxb3 Rc8 25. Ne2 Rxc1+ 26. Nxc1 Bc6 {I am sure that it's possible to
improve upon his play.}) 18... Bf4 $1 19. Nxg6 (19. Bxf6 $6 {This keeps the
balance; it would be risky for White to play} Qxf6 20. Nxg6 hxg6 21. e5 Qg5 $36
) 19... Bxg5 20. Ne5 dxe4 21. Nxe4 Nxe4 22. Bxe4 g6 $11 23. Nc4 Ra7 24. b5 Bf4
25. bxc6 1/2-1/2